| 000 | 00396nam a22001457a 4500 | ||
|---|---|---|---|
| 020 | _a9781138074668 | ||
| 040 | _cNUST | ||
| 082 | _a621.4025 THU | ||
| 100 |
_aThulukkanam, Kuppan _9113903 |
||
| 245 | _aHeat Exchanger Design Handbook | ||
| 250 | _aSecond Edition | ||
| 260 |
_aBoca Raton: _bCRC Press, _c2013. |
||
| 650 |
_aHeat Exchangers Design and Construction _9113904 |
||
| 942 |
_2ddc _cTEXT |
||
| 999 |
_c595340 _d595340 |
||